| 000 | 00588nam a22002057a 4500 | ||
|---|---|---|---|
| 003 | OSt | ||
| 005 | 20140310181717.0 | ||
| 008 | 130208t xxu||||| |||| 00| 0 eng d | ||
| 020 | _a0029253608 | ||
| 050 |
_aHD 41 _b.P674 1980 |
||
| 100 | _aPorter, Michael E. | ||
| 245 |
_aCompetitive strategy : _btechniques for analyzing industries and competitors / _cMichael E. Porter. |
||
| 260 |
_aNew York : _bFree Press, _c1980. |
||
| 300 |
_a396 p. : _bill. ; _c29 cm. |
||
| 521 | _aBSBA | ||
| 650 | _aCompetition | ||
| 650 | _aIndustrial management | ||
| 942 |
_2lcc _cBK _kFOR |
||
| 999 |
_c1843 _d1843 |
||